MCSE : Evaluation edition 180-day limit on use

Сохранить в:
Библиографические подробности
Главный автор: Spealman, Jill
Формат:
Язык:Undetermined
Опубликовано: Washington Microsoft Press 2004
Предметы:
Метки: Добавить метку
Нет меток, Требуется 1-ая метка записи!
Thư viện lưu trữ: Trung tâm Học liệu Trường Đại học Cần Thơ
LEADER 00738nam a2200205Ia 4500
001 CTU_79775
008 210402s9999 xx 000 0 und d
082 |a 005.713769 
082 |b S741 
100 |a Spealman, Jill 
245 0 |a MCSE : 
245 0 |b Evaluation edition 180-day limit on use 
245 0 |c Jill Spealman, Kurt Hudson and Melissa Craft 
260 |a Washington 
260 |b Microsoft Press 
260 |c 2004 
650 |a Microft software,Electronic data processing personnel,Microsoft windows server,Directory services ( computer network technology ) 
650 |x Examinations,Study guides,Certification,Examinations,Study guides 
904 |i Minh,Hải 
980 |a Trung tâm Học liệu Trường Đại học Cần Thơ